| 000 | 00363 a2200133 4500 | ||
|---|---|---|---|
| 001 | 90465 | ||
| 082 | _a954.0223 KAM | ||
| 090 |
_c42798 _d42798 |
||
| 100 | _aKamran Azam Sohrravi | ||
| 245 |
_aSultan Mehmood Ghazanvi [Urdu] _bTareekh Kay Aaenay Main _hUrdu |
||
| 260 |
_aLahore _bMushtaq Book Corner _c2010 |
||
| 300 | _a384p. | ||
| 500 | _aGeneral Collection | ||
| 942 |
_aCAE NUST _k954.0223 KAM |
||
| 999 |
_c325538 _d325538 |
||